Central Library OPAC University of Rajshahi

Study of some Properties of Topological Spaces and of Their Generalisations / (Record no. 80528)

MARC details
000 -LEADER
fixed length control field 00913nam a2200241 a 4500
001 - CONTROL NUMBER
RUCL Control Number 80528
003 - CONTROL NUMBER IDENTIFIER
rucl marc code BD-RjUL
005 - DATE AND TIME OF LATEST TRANSACTION
control field 20230404111420.0
008 - FIXED-LENGTH DATA ELEMENTS--GENERAL INFORMATION
fixed length control field 221013s2006 bg ||||| m||| 00| 0 eng d
035 ## - SYSTEM CONTROL NUMBER
system control number (BD-RjUL)80528
040 ## - CATALOGING SOURCE
Original cataloging agency BD-RjUL
Language of cataloging eng
Transcribing agency BD-RjUL
Modifying agency BD-RjUL
041 ## - LANGUAGE CODE
Language code of Book eng
082 ## - DEWEY DECIMAL CLASSIFICATION NUMBER
Classification number 514.3
Author mark and Year MIS 2006
DDC Edition number 23
100 ## - MAIN ENTRY--PERSONAL NAME
Personal name Mitra, Mallika
9 (RLIN) 5233
245 01 - TITLE STATEMENT
Title Study of some Properties of Topological Spaces and of Their Generalisations /
Statement of responsibility, etc by Mallika Mitra
Name of Supervisor/Co-Supervisor Supervisor : Subrata Majumder
260 ## - PUBLICATION, DISTRIBUTION, ETC. (IMPRINT)
Place of publication, distribution, etc Rajshahi :
Name of publisher, distributor, etc Department of Mathematics, Faculty of Science University of Rajshahi,
Date of publication, distribution, etc 2006
300 ## - PHYSICAL DESCRIPTION
Pagination [6],128 Leves ;
Dimensions 29 cm.
502 ## - DISSERTATION NOTE
Dissertation note Thesis (M. Phil.) -- Department of Mathematics, Faculty of Science University of Rajshahi 2006
504 ## - BIBLIOGRAPHY, ETC. NOTE
Bibliography, etc References : Leves 1-6
650 ## - SUBJECT ADDED ENTRY--TOPICAL TERM
Topical term or geographic name as entry element Topological
General subdivision Generalisations
9 (RLIN) 5234
700 ## - ADDED ENTRY--SUPERVISOR/CO-SUPERVISOR NAME
Personal name Majumder, Subrata, Supervisor
9 (RLIN) 5235
942 ## - ADDED ENTRY ELEMENTS (KOHA)
Source of classification or shelving scheme Dewey Decimal Classification
Koha item type Theses
Holdings
Source of classification or shelving scheme Damaged status Not for loan Collection code Permanent Location Current Location Shelving location Date of accession Source of acquisition Total Checkouts Full call number Barcode Date last seen Copy number Thesis
Dewey Decimal Classification   Not For Loan Theses Central Library, University of Rajshahi Central Library, University of Rajshahi Documentation Section 18/11/2007 Controller of Exam. R. U.   THE 514.3 MIS 2006 D2652 13/10/2022 C-1 Theses